1974 FIFA World Cup Final Netherlands - West Germany - Statistics

General Stats
  • This quiz has been taken 270 times
  • The average score is 13 of 26
Answer Stats
Player % Correct
Johan Cruyff
94%
Franz Beckenbauer
92%
Gerd Müller ¹
88%
Johan Neeskens ¹
74%
Sepp Maier
71%
Paul Breitner ¹
62%
Ruud Krol
56%
Johnny Rep
52%
Uli Hoeneß
52%
Rob Rensenbrink
51%
Berti Vogts
48%
Hans-Georg Schwarzenbeck
47%
Arie Haan
46%
Rinus Michels
45%
Wolfgang Overath
43%
Theo de Jong
42%
Jürgen Grabowski
38%
Wim Suurbier
38%
Bernd Hölzenbein
36%
Jan Jongbloed
35%
Rainer Bonhof
35%
Willem van Hanegem
35%
Helmut Schön
34%
René van de Kerkhof
32%
Wim Jansen
31%
Wim Rijsbergen
25%
No matching quizzes found
Score Distribution
Percent of People with Each Score
Percentile by Number Answered
Your Score History
You have not taken this quiz